Otázky hudobného života a hudobnej výchovy na Slovensku [antológia príspevkov a štúdií] časť 2. (1933-1938)

Podrobná bibliografia
Hlavný autor: Hula, Emil, 1883-1942 (Autor)
Ďalší autori: Potúček, Juraj, 1923-2006 (Zostavovateľ, kompilátor)
Médium: Kniha
Jazyk:slovenčina
Fyzický popis:112 s. 4°
Vydavateľské údaje: Bratislava Ústav hudobnej vedy SAV 1971
Edícia:Dokumenty k dejinám slovenskej hudby
Predmet:

MARC

LEADER 00000cam a2200000 a 4500
001 vtls008336789
003 SK-MaSNL
005 20260426000422.0
008 230403s1971 xo n 000 0 slo
015 |a SNBA1971/02-00599 
035 |a SK01SNK19710029006 
035 |a urn:nbn:sk:snk-am3hbxg 
035 |a 7527CAFB-26CF-47D2-B56C-4651C0A41CDA 
035 |a urn:nbn:sk:snk-am00a078 
035 |a SKM000031469 
040 |a SNK  |b slo  |c SNK  |e AACR2 
041 0 |a slo 
044 |a xo  |c SK 
080 |a 78(437.6)(091)"1933/1938"  |2 1981 
100 1 |a Hula, Emil,  |d 1883-1942  |4 aut  |9 203064 
245 1 0 |a Otázky hudobného života a hudobnej výchovy na Slovensku  |b [antológia príspevkov a štúdií]  |n časť 2. (1933-1938)  |c Emil Hula ; zost. a predslov [nap.] Juraj Potúček 
260 |a Bratislava  |b Ústav hudobnej vedy SAV  |c 1971 
300 |a 112 s.  |c 4° 
490 1 |a Dokumenty k dejinám slovenskej hudby  |v zv. 36 
504 |a Bibliogr. Pozn. 
648 7 |a 1933-1938  |2 SNKPH  |9 282073 
650 0 7 |a hudba  |2 SNKPH  |9 1063 
650 0 7 |a hudobný život  |2 SNKPH  |9 3181 
650 0 7 |a hudobná výchova  |2 SNKPH  |9 1662 
651 7 |a Slovensko  |2 SNKPH  |9 14231 
655 7 |a štúdie  |2 SNKPH  |9 57033 
655 7 |a antológie  |2 SNKPH  |9 70414 
700 1 |a Potúček, Juraj,  |d 1923-2006  |4 com  |9 184263 
830 0 |a Dokumenty k dejinám slovenskej hudby  |9 307683 
852 |a Slovenská národná knižnica 
954 |a odborná, vedecká literatúra pôvodná (slovenská)  |2 lita 
958 |a OND 
958 |a RM 
958 |a RK 
958 |a NB 
958 |a EUIPO 
999 |c 855192  |d 857122 
952 |t P60, <04>, [BOOK], {604}  |a SNK  |b SNK  |y VYP  |7 0  |p 17A0218346  |o snkSB 16782/2 D1  |i snkKSP 1991/71  |8 0  |0 0  |1 0  |4 0  |d 1999-11-15  |l 0  |r 2005-01-02 00:00:00  |w 2026-02-24 
952 |a SNK  |b SNK  |y PREZ  |7 0  |p 17A0809186  |o snkSB 16782/2  |i snkKSP 1990/71  |0 0  |1 0  |4 0  |d 2012-07-24  |f 1  |l 0  |r 2025-03-18 00:00:00  |w 2026-02-24